[Event "Titled Tuesday intern op 16th Apr Early"]
[Site "Chess.com INT"]
[Date "2024.04.16"]
[Round "3"]
[White "Gubajdullin, Alexey"]
[Black "Paravyan, David"]
[Result "0-1"]
[WhiteElo "2229"]
[BlackElo "2606"]
[PlyCount "136"]
[EventDate "2024.04.16"]
[EventType "swiss (blitz)"]
[EventRounds "11"]
[EventCountry "USA"]
[SourceTitle "CB17_2024"]
[SourceDate "2024.04.24"]
[SourceVersion "1"]
[SourceVersionDate "2024.04.24"]
[SourceQuality "1"]

1. Nf3 d5 2. g3 g6 3. Bg2 Bg7 4. 0-0 Nf6 5. d3 0-0 6. Nc3 Nc6 7. Bf4 d4 8. Nb5 Nd5 9. Bd2 a6 10. Na3 b5 11. Qc1 Bb7 12. Bh6 Qd6 13. Bxg7 Kxg7 14. c4 dxc3 15. bxc3 Qf6 16. c4 Nc3 17. Re1 b4 18. Nc2 a5 19. Nd2 Rab8 20. Ne4 Nxe4 21. Bxe4 Qc3 22. Ne3 Qxc1 23. Raxc1 Nd4 24. Bxb7 Rxb7 25. Nc2 e5 26. Nxd4 exd4 27. Rb1 Rd8 28. a4 c5 29. Rb3 Re7 30. f3 Re3 31. Kf2 f5 32. Rd1 Rde8 33. Rd2 g5 34. h3 h5 35. h4 gxh4 36. gxh4 Kf6 37. Rb1 Rg8 38. Rg1 Rxg1 39. Kxg1 Re7 40. Kf2 Ke5 41. Rb2 Kf4 42. Rb1 Rb7 43. Rb3 Rb8 44. Rb1 b3 45. Rb2 Rb7 46. Kg2 Ke3 47. Kf1 Rb4 48. Kg2 Rxa4 49. Rxb3 Rb4 50. Ra3 a4 51. Ra2 f4 52. Kf1 Rb1+ 53. Kg2 Re1 54. Rxa4 Rxe2+ 55. Kh3 Kxf3 56. Ra5 Re5 57. Ra1 Ke2 58. Ra2+ Kxd3 59. Rf2 Kxc4 60. Rxf4 Kd5 61. Rf6 c4 62. Rf8 c3 63. Rd8+ Ke4 64. Rc8 Kd3 65. Rc7 c2 66. Rg7 c1Q 67. Rg3+ Re3 68. Kh2 Qd2+ 0-1

[Event "Titled Tuesday intern op 16th Apr Late"]
[Site "Chess.com INT"]
[Date "2024.04.16"]
[Round "2"]
[White "Paravyan, David"]
[Black "Vila Dupla, Aurelio"]
[Result "1-0"]
[WhiteElo "2606"]
[BlackElo "2042"]
[PlyCount "47"]
[EventDate "2024.04.16"]
[EventType "swiss (blitz)"]
[EventRounds "11"]
[EventCountry "USA"]
[SourceTitle "CB17_2024"]
[SourceDate "2024.04.24"]
[SourceVersion "1"]
[SourceVersionDate "2024.04.24"]
[SourceQuality "1"]

1. e4 c5 2. Nf3 d6 3. Bb5+ Bd7 4. Bxd7+ Nxd7 5. 0-0 Ngf6 6. Re1 e6 7. c4 Be7 8. Nc3 0-0 9. d4 cxd4 10. Nxd4 a6 11. b3 Qc7 12. Bb2 Rab8 13. Rc1 Qa5 14. Qd2 Qh5 15. h3 Rfd8 16. Rcd1 Ne5 17. f4 Nc6 18. f5 Nxd4 19. Qxd4 b5 20. fxe6 fxe6 21. cxb5 axb5 22. b4 Rdc8 23. e5 Rc4 24. Qa7 1-0

[Event "Titled Tuesday intern op 02nd Apr Late"]
[Site "Chess.com INT"]
[Date "2024.04.02"]
[Round "9"]
[White "Hakobyan, Aram"]
[Black "Paravyan, David"]
[Result "1/2-1/2"]
[WhiteElo "2619"]
[BlackElo "2606"]
[PlyCount "96"]
[EventDate "2024.04.02"]
[EventType "swiss (blitz)"]
[EventRounds "11"]
[EventCountry "USA"]
[SourceTitle "CB15_2024"]
[SourceDate "2024.04.10"]
[SourceVersion "1"]
[SourceVersionDate "2024.04.10"]
[SourceQuality "1"]

1. d4 d5 2. Nf3 Nf6 3. c4 dxc4 4. e3 e6 5. Bxc4 a6 6. 0-0 c5 7. Re1 Be7 8. Bd3 cxd4 9. exd4 0-0 10. Nc3 b5 11. Bg5 Nbd7 12. Qe2 Bb7 13. Rad1 Re8 14. Ne5 Nf8 15. Bb1 b4 16. Na4 Qd5 17. f3 Rad8 18. Bxf6 gxf6 19. Nc4 Qb5 20. b3 Ng6 21. Qf2 Kg7 22. Be4 Bd5 23. Bd3 Qb8 24. Ne3 Bb7 25. Nc5 Bxc5 26. dxc5 Qc7 27. Nc4 Rd5 28. Nd6 Rd8 29. Be4 Rxd1 30. Rxd1 Bxe4 31. fxe4 a5 32. Qd4 Kg8 33. Kh1 Ne5 34. h3 Nd7 35. Nc4 Kf8 36. Nb6 Ke8 37. Na4 Ne5 38. Qg1 Nd3 39. Rf1 Qe5 40. Qe3 Rd4 41. c6 Kd8 42. Qh6 Kc7 43. Qf8 Nf2+ 44. Kg1 Nxh3+ 45. Kh1 Nf2+ 46. Kg1 Nh3+ 47. Kh1 Nf2+ 48. Kg1 Nh3+ 1/2-1/2

[Event "Titled Tuesday intern op 12th Mar Late"]
[Site "Chess.com INT"]
[Date "2024.03.12"]
[Round "4"]
[White "Paravyan, David"]
[Black "Fishbein, Alexander"]
[Result "1/2-1/2"]
[WhiteElo "2612"]
[BlackElo "2387"]
[PlyCount "107"]
[EventDate "2024.03.12"]
[EventType "swiss (blitz)"]
[EventRounds "11"]
[EventCountry "USA"]
[SourceTitle "CB12_2024"]
[SourceDate "2023.10.01"]
[SourceVersion "1"]
[SourceVersionDate "2023.10.01"]
[SourceQuality "1"]

1. e4 Nf6 2. e5 Nd5 3. d4 d6 4. Nf3 g6 5. Bc4 Nb6 6. Bb3 Bg7 7. exd6 cxd6 8. 0-0 0-0 9. Re1 Nc6 10. c3 e5 11. dxe5 dxe5 12. Qxd8 Rxd8 13. Ng5 Rf8 14. Be3 Na5 15. Nd2 Nxb3 16. axb3 Nd5 17. Nc4 Nxe3 18. Nxe3 b6 19. Nc4 f6 20. Ne4 Be6 21. Ned6 Rfd8 22. Nb5 Bxc4 23. bxc4 Rd7 24. Red1 Rxd1+ 25. Rxd1 a6 26. Nc7 Rc8 27. Nxa6 Rxc4 28. Nb4 Rc8 29. Rd6 b5 30. Rb6 Rd8 31. g3 Rd2 32. Rxb5 Rxb2 33. Rb8+ Bf8 34. Rc8 Kg7 35. Rc7+ Kh6 36. Nd5 f5 37. h4 Bg7 38. Ne7 Rb8 39. Kg2 e4 40. Nd5 Rd8 41. c4 Be5 42. Re7 Bg7 43. Ne3 Bd4 44. Nd5 Rc8 45. Nf4 Rxc4 46. Ne6 Bf6 47. Rf7 Be5 48. Ng5 Bg7 49. Re7 Rc2 50. Kf1 Rc1+ 51. Ke2 Rc2+ 52. Kf1 Rc1+ 53. Kg2 Rc2 54. Kf1 1/2-1/2